[Event "96th ch-GER Candidates"]
[Site "Munich GER"]
[Date "2025.05.17"]
[Round "1.1"]
[White "Herbrig, Alexander"]
[Black "Vavulin, Maxim"]
[Result "1/2-1/2"]
[WhiteTitle "FM"]
[BlackTitle "GM"]
[WhiteElo "2297"]
[BlackElo "2542"]
[WhiteFideId "12952044"]
[BlackFideId "4169530"]
[EventDate "2025.05.17"]

1. d4 g6 2. Nc3 Bg7 3. Bf4 c5 4. d5 Qa5 5. d6 Nf6 6. Qd2 Nc6 7. dxe7 d5 8. e4 d4
9. Nd5 Qxd2+ 10. Kxd2 Nxe4+ 11. Ke1 Be6 12. Nc7+ Kxe7 13. Nxa8 Rxa8 14. Bd3 Nd6
15. b3 Nb4 16. Ne2 b5 17. Rd1 Bd5 18. a3 Nxd3+ 19. Rxd3 Bxg2 20. Rg1 Be4 21. Rd2
Kd7 22. Ng3 Bd5 23. Bxd6 Kxd6 24. Nf5+ gxf5 25. Rxg7 Rh8 26. b4 h5 27. Rg5 Be6
28. h4 Kd5 29. bxc5 Kxc5 30. Rd1 Kc4 31. Kd2 a5 32. Rdg1 Rh6 33. Rg8 a4 34. Rb8
Bd7 35. Rd8 Bc6 36. Rb1 Rg6 37. Rb4+ Kc5 38. Rbxd4 Be4 39. Ke3 Rg4 40. Rc8+ Kb6
41. Rb8+ Kc6 42. c4 Rxh4 43. cxb5+ Kc7 44. Rg8 Kb6 45. Rb4 Rh1 46. Rb8+ Kc7 47.
Rf8 Bd5 48. b6+ Kb7 49. Kd4 Bb3 50. Ke5 h4 51. Rd8 Re1+ 52. Kf6 Re6+ 53. Kg5
Rxb6 54. Rxb6+ Kxb6 55. Kxh4 Kc5 56. Rc8+ Kd4 57. Kg5 Bc4 58. Kf4 Kc3 59. Ke3
Kb3 60. Kd4 Be6 61. Rc3+ Kb2 62. Rf3 Bb3 63. Rxf5 Kxa3 64. Kc3 Ka2 65. f4 Kb1
66. Re5 Ka2 67. f5 Ka3 68. Re1 Ka2 69. Rg1 Bd5 70. Re1 Bb3 71. Rf1 Bd5 72. Kb4
Bb3 73. Rf2+ Kb1 74. Kc3 Bd5 75. Rd2 Bb3 76. Re2 Bd5 77. Re1+ Ka2 78. f6 Bb3 79.
Re2+ Ka3 80. Rf2 Bd5 81. Rh2 Bb3 82. Rd2 Be6 83. Rd1 Ka2 84. Rc1 Bb3 85. Kb4 Kb2
86. Rc7 Ka2 87. Rc6 Kb2 88. Ra6 Kc2 89. Rd6 Kb2 90. Rd8 Bc2 91. Ra8 Bd1 92. Ra6
Bc2 93. Ra7 Bb3 94. Rxf7 Bxf7 95. Kxa4 Kc3 96. Ka3 Kd4 97. Kb2 Ke5 98. Ka1 Kxf6 1/2-1/2

[Event "96th ch-GER Candidates"]
[Site "Munich GER"]
[Date "2025.05.17"]
[Round "1.2"]
[White "Kunin, Vitaly"]
[Black "Polster, Christian"]
[Result "1-0"]
[WhiteTitle "GM"]
[BlackTitle "FM"]
[WhiteElo "2497"]
[BlackElo "2295"]
[WhiteFideId "4128737"]
[BlackFideId "12965081"]
[EventDate "2025.05.17"]

1. e4 c5 2. g3 d5 3. exd5 Qxd5 4. Nf3 Bg4 5. Bg2 Qe6+ 6. Kf1 Nc6 7. h3 Bh5 8. d3
Qd7 9. Na3 Nf6 10. g4 Bg6 11. Nc4 Qc7 12. Bg5 h5 13. Nh4 Bh7 14. a4 e6 15. a5
Rc8 16. Kg1 Be7 17. gxh5 Bg8 18. Qd2 Rxh5 19. Bf4 Qd8 20. Nf3 Nd5 21. Bg3 f6 22.
h4 e5 23. Bh3 Rb8 24. Bg4 Rh6 25. h5 Bh7 26. Nh4 Nd4 27. Re1 Kf8 28. Qd1 Nf4 29.
Bxf4 exf4 30. c3 f5 31. cxd4 Bxh4 32. Bf3 cxd4 33. Qb3 Bg8 34. Rxh4 Qg5+ 35. Rg4
fxg4 36. Qb4+ Kf7 37. Bd5+ Kf6 38. Qe7+ Kf5 39. Qe5# 1-0

[Event "96th ch-GER Candidates"]
[Site "Munich GER"]
[Date "2025.05.17"]
[Round "1.3"]
[White "Zackrisson, Peter"]
[Black "Poetsch, Hagen"]
[Result "0-1"]
[BlackTitle "GM"]
[WhiteElo "2288"]
[BlackElo "2484"]
[WhiteFideId "16282078"]
[BlackFideId "24615137"]
[EventDate "2025.05.17"]

1. d4 Nf6 2. c4 e6 3. g3 c5 4. d5 exd5 5. cxd5 d6 6. Nc3 g6 7. Bg2 Bg7 8. Nf3
O-O 9. O-O Re8 10. Bf4 Bf5 11. Nh4 Bg4 12. Qd2 b5 13. Rfe1 a6 14. a3 Bc8 15. h3
Nh5 16. Bh6 Nd7 17. Bxg7 Nxg7 18. b4 Qe7 19. Nf3 Bb7 20. e4 Rac8 21. Re3 Nb6 22.
Bf1 cxb4 23. axb4 Nc4 24. Bxc4 Rxc4 25. Qb2 Qd7 26. Kh2 Bc8 27. g4 h5 28. Nd2
Rc7 29. g5 h4 30. Rae1 Nh5 31. Ne2 Qd8 32. f4 f6 33. gxf6 Qxf6 34. Qxf6 Nxf6 35.
Nd4 Rf7 36. N4f3 Nh5 37. Nxh4 Rxf4 38. Ng2 Rf2 39. R1e2 Rxe2 40. Rxe2 Bb7 41.
Nh4 Bxd5 42. Nxg6 Nf6 43. Kg3 Kf7 44. Nf4 Nxe4+ 45. Nxe4 Bxe4 46. Rd2 Kf6 47.
Kf2 Ke5 48. Nd3+ Kf5 49. Nc1 Rc8 50. Ne2 Ke5 51. Ke3 d5 52. Ra2 d4+ 53. Kd2 Bb7
54. Nc1 Kd5 55. Nb3 Rg8 56. Ra1 Rg2+ 57. Kd3 Bc8 58. h4 Bf5# 0-1

[Event "96th ch-GER Candidates"]
[Site "Munich GER"]
[Date "2025.05.17"]
[Round "1.4"]
[White "Gloeckler, Christian"]
[Black "Pfrommer, Christoph"]
[Result "1-0"]
[WhiteTitle "FM"]
[BlackTitle "FM"]
[WhiteElo "2429"]
[BlackElo "2272"]
[WhiteFideId "34608966"]
[BlackFideId "4603290"]
[EventDate "2025.05.17"]

1. e4 c6 2. d4 d5 3. f3 Qb6 4. Nc3 dxe4 5. fxe4 e5 6. Nf3 exd4 7. Nxd4 h5 8. Be2
Bg4 9. Bxg4 hxg4 10. Qd3 Nd7 11. Bf4 Nc5 12. Qc4 Qa6 13. Qxa6 Nxa6 14. O-O-O
O-O-O 15. Nf5 Rxd1+ 16. Rxd1 Nc5 17. Bd6 Bxd6 18. Nxd6+ Kc7 19. b4 Ne6 20. Nxf7
Rxh2 21. Rd2 g3 22. e5 Nf4 23. Ne2 Rh1+ 24. Kb2 Nxe2 25. Rxe2 Rf1 26. e6 Ne7 27.
Rd2 Rf2 28. Rd7+ Kb6 29. Rxe7 1-0

[Event "96th ch-GER Candidates"]
[Site "Munich GER"]
[Date "2025.05.17"]
[Round "1.5"]
[White "Lippert, Daniel"]
[Black "Krastev, Alexander"]
[Result "1-0"]
[BlackTitle "IM"]
[WhiteElo "2227"]
[BlackElo "2426"]
[WhiteFideId "16261895"]
[BlackFideId "12989983"]
[EventDate "2025.05.17"]

1. e4 e5 2. Nf3 Nc6 3. Bb5 a6 4. Ba4 Nf6 5. O-O Nxe4 6. d4 Be7 7. Re1 b5 8. Rxe4
d5 9. Nxe5 Nxe5 10. Rxe5 bxa4 11. Qe2 Be6 12. f4 Kf8 13. f5 Bd7 14. Nc3 c6 15.
Nxa4 f6 16. Re3 Bxf5 17. Bd2 Ra7 18. a3 Kf7 19. Bb4 Re8 20. c3 Be4 21. Rf1 a5
22. Bc5 Rb7 23. Qa6 Qa8 24. Qxa8 Rxa8 25. Bxe7 Kxe7 26. Rf2 Kd6 27. Nc5 Re7 28.
a4 Rb8 29. b3 f5 30. Rb2 g5 31. Rh3 f4 32. Rh5 Rg8 33. b4 axb4 34. cxb4 Bf5 35.
h4 Re1+ 36. Kf2 Rd1 37. Rh6+ Ke7 38. Re2+ Kf7 39. Rxc6 gxh4 40. Nb7 Bg4 41. Nd6+
Kg6 42. Ne8+ Kg5 43. Re5+ Bf5 44. Nd6 Rf8 45. Rxd5 Rd2+ 46. Kg1 Kg4 47. Rcc5 h3
48. Nxf5 hxg2 49. Nh6+ Kf3 50. Rc1 Rf6 51. Rh5 Ke4 52. Ng4 Rg6 53. Nf2+ Ke3 54.
Re5+ Kxd4 55. Re4+ Kd5 56. Rxf4 Ra2 57. a5 Ke5 58. Rh4 h6 59. Rh5+ Kd6 60. Rhc5
Rg5 61. Ne4+ 1-0

[Event "96th ch-GER Candidates"]
[Site "Munich GER"]
[Date "2025.05.17"]
[Round "1.6"]
[White "Hertneck, Gerald"]
[Black "Maier, Alexander"]
[Result "1-0"]
[WhiteTitle "GM"]
[BlackTitle "IM"]
[WhiteElo "2420"]
[BlackElo "2226"]
[WhiteFideId "4600088"]
[BlackFideId "4617061"]
[EventDate "2025.05.17"]

1. d4 d5 2. c4 dxc4 3. e4 Nc6 4. d5 Ne5 5. Bf4 Ng6 6. Bg3 e5 7. Bxc4 a6 8. Nc3
Bd6 9. h4 b5 10. Be2 b4 11. Na4 Nf6 12. h5 Nf4 13. Bf3 Bd7 14. b3 Bb5 15. Nb2 h6
16. Rc1 O-O 17. Nc4 Nxe4 18. Bxe4 f5 19. Bxf4 exf4 20. Bf3 1-0

[Event "96th ch-GER Candidates"]
[Site "Munich GER"]
[Date "2025.05.17"]
[Round "1.7"]
[White "Voicu-Jagodzinsky, Carmen"]
[Black "Hagner, Bennet"]
[Result "0-1"]
[WhiteTitle "WGM"]
[BlackTitle "IM"]
[WhiteElo "2220"]
[BlackElo "2418"]
[WhiteFideId "1206729"]
[BlackFideId "16224477"]
[EventDate "2025.05.17"]

1. e4 c5 2. Nf3 d6 3. d4 cxd4 4. Nxd4 Nf6 5. Nc3 a6 6. Be3 e5 7. Nb3 Be6 8. f3
h5 9. Qd2 Nbd7 10. Be2 Qc7 11. O-O Be7 12. Nd5 Bxd5 13. exd5 Nb6 14. Bxb6 Qxb6+
15. Kh1 h4 16. Qa5 Qa7 17. f4 b5 18. Rae1 O-O 19. Bf3 Rac8 20. Qd2 Qc7 21. Rf2
Rfe8 22. Rfe2 Bf8 23. c3 a5 24. Nc1 h3 25. gxh3 Qc4 26. fxe5 dxe5 27. Rg2 b4 28.
Reg1 Qh4 29. Ne2 g6 30. Ng3 e4 31. Be2 Re5 32. c4 Bc5 33. Rf1 e3 34. Qd3 Rce8
35. Nf5 Qe4 36. Qxe4 Nxe4 37. Nh6+ Kg7 38. Ng4 R5e7 39. Rf3 f5 40. Nxe3 Bxe3 41.
Rxe3 Nf2+ 42. Rxf2 Rxe3 43. Bf3 Rc8 44. Be2 Kf6 45. Bf1 a4 46. Rd2 Ke7 47. Kg1
Kd6 48. Rg2 Rg8 49. Kf2 Rxh3 50. Ke2 g5 51. Kd2 g4 52. Re2 Rh6 53. Kd3 g3 54. h3
Kc5 55. Bg2 f4 56. b3 a3 57. Bf3 Rhg6 58. Re1 g2 59. Rg1 Rg3 60. Ke2 Rxh3 61. d6
Kxd6 62. Bd5 Rgg3 63. Kf2 Rh1 64. Rxh1 gxh1=N+ 65. Bxh1 Rxb3 0-1

[Event "96th ch-GER Candidates"]
[Site "Munich GER"]
[Date "2025.05.17"]
[Round "1.8"]
[White "Garner, Isaac"]
[Black "Ollenberger, Roland"]
[Result "1-0"]
[BlackTitle "FM"]
[WhiteElo "2399"]
[BlackElo "2206"]
[WhiteFideId "16239261"]
[BlackFideId "24608440"]
[EventDate "2025.05.17"]

1. d4 Nf6 2. c4 e6 3. Nf3 d5 4. Nc3 Bb4 5. cxd5 exd5 6. Bf4 O-O 7. e3 c6 8. Bd3
Re8 9. Qc2 Bg4 10. Ne5 Bh5 11. Bg5 Bg6 12. Nxg6 fxg6 13. O-O Nbd7 14. Rae1 Bd6
15. f3 Qc7 16. g3 Nf8 17. e4 dxe4 18. fxe4 Qb6 19. Qb3+ Qxb3 20. axb3 Be7 21.
Bc4+ Kh8 22. Kg2 h6 23. Be3 Bb4 24. Bxh6 Bxc3 25. bxc3 Rxe4 26. Bc1 Rae8 27.
Rxe4 Nxe4 28. Bf7 Re7 29. Ba3 c5 30. dxc5 Nf6 31. Bc4 Rc7 32. c6 N8h7 33. cxb7
Rxb7 34. h4 Ng4 35. Bc5 Ne5 36. Re1 1-0

[Event "96th ch-GER Candidates"]
[Site "Munich GER"]
[Date "2025.05.17"]
[Round "1.9"]
[White "Steffens, Olaf"]
[Black "Braun, Georg"]
[Result "0-1"]
[WhiteTitle "FM"]
[BlackTitle "FM"]
[WhiteElo "2184"]
[BlackElo "2385"]
[WhiteFideId "4630564"]
[BlackFideId "24629383"]
[EventDate "2025.05.17"]

1. b4 c6 2. e3 d5 3. Bb2 Nf6 4. c4 Bg4 5. Nf3 e6 6. b5 Nbd7 7. Nc3 Bd6 8. Be2
O-O 9. h3 Bxf3 10. gxf3 e5 11. d4 exd4 12. Qxd4 Be5 13. Qd2 Nb6 14. c5 Nbd7 15.
f4 Ne4 16. Nxe4 Bxb2 17. Qxb2 dxe4 18. Rd1 Qa5+ 19. Kf1 Rfd8 20. Rg1 g6 21. Rg5
Qc7 22. h4 h6 23. Rg1 Nxc5 24. h5 Rxd1+ 25. Bxd1 Rd8 26. Be2 Qd6 27. hxg6 f6 28.
g7 Nd3 29. Qb3+ Qd5 30. Qc3 Qe6 31. Bd1 Nxf4 32. Bb3 Nd5 33. Qc5 a6 34. a4 h5
35. Bc4 h4 36. Kg2 Kxg7 37. bxa6 bxa6 38. Kh2+ Kh7 39. Qa7+ Rd7 40. Qxa6 Qe5+
41. Kh1 Qf5 42. Bf1 Qxf2 43. Qxc6 Rg7 44. Bg2 f5 45. Qe8 Nf6 46. Qf8 h3 47. Qxf6
hxg2+ 48. Kh2 Qg3# 0-1

[Event "96th ch-GER Candidates"]
[Site "Munich GER"]
[Date "2025.05.17"]
[Round "1.10"]
[White "Kuegel, Tobias"]
[Black "Hoppstaedter, Daniel"]
[Result "1-0"]
[WhiteTitle "IM"]
[WhiteElo "2362"]
[BlackElo "2161"]
[WhiteFideId "4636295"]
[BlackFideId "16243625"]
[EventDate "2025.05.17"]

1. d3 d5 2. e3 Nf6 3. d4 Bf5 4. Nf3 e6 5. c4 c6 6. Nc3 Nbd7 7. Bd3 Bxd3 8. Qxd3
Bd6 9. O-O O-O 10. e4 dxc4 11. Qxc4 e5 12. h3 Re8 13. Re1 exd4 14. Nxd4 Ne5 15.
Qe2 Ng6 16. Nf5 Be5 17. Bg5 h6 18. Rad1 Qc7 19. Bxf6 Bxf6 20. Qg4 Rad8 21. h4
Qf4 22. Qxf4 Nxf4 23. Nd6 Re7 24. g3 Ng6 25. f4 Bxc3 26. bxc3 Red7 27. e5 f6 28.
Rb1 fxe5 29. Nxb7 Rb8 30. Nc5 Rxb1 31. Rxb1 Rd5 32. Rb8+ Kf7 33. Rb7+ Ne7 34.
Nb3 Rd3 35. fxe5 Rxg3+ 36. Kf2 Rxc3 37. Nd4 Rc4 38. Ke3 Ke8 39. Rxa7 Ng6 40. Nf5
Rc1 41. e6 Kd8 42. Rd7+ Ke8 43. Nd6+ Kf8 44. e7+ 1-0

[Event "96th ch-GER Candidates"]
[Site "Munich GER"]
[Date "2025.05.17"]
[Round "1.11"]
[White "Philipp, Mathias"]
[Black "Spitzl, Vinzent"]
[Result "0-1"]
[WhiteTitle "CM"]
[BlackTitle "FM"]
[WhiteElo "2159"]
[BlackElo "2355"]
[WhiteFideId "12958883"]
[BlackFideId "12901253"]
[EventDate "2025.05.17"]

1. c4 c5 2. Nf3 Nc6 3. Nc3 e5 4. g3 g6 5. Bg2 Bg7 6. O-O Nge7 7. e3 O-O 8. d4
exd4 9. exd4 d6 10. dxc5 dxc5 11. Bf4 Be6 12. Qa4 Qa5 13. Qxa5 Nxa5 14. Bd6 Rfe8
15. Bxc5 Bxc4 16. Rfd1 Bxc3 17. bxc3 b6 18. Bb4 Rac8 19. Nd2 Bd5 20. Ne4 Bxe4
21. Bxe4 Nec6 22. Bd3 Rc7 23. Bb5 Re6 24. Bd6 Rc8 25. Bb4 Re5 26. Ba6 Rce8 27.
Rd7 Nxb4 28. cxb4 Nc6 29. Bc4 R8e7 30. Rxe7 Rxe7 31. a3 Ne5 32. Bb5 Nf3+ 33. Kg2
Ne1+ 34. Kh3 Nc2 35. Ra2 Nd4 36. Ba6 Rc7 37. Rd2 Nc2 38. Rd3 f5 39. f4 Kf7 40.
Bb5 Ne1 41. Re3 Nc2 42. Rd3 Re7 43. Rc3 Ne3 44. Be2 Kg7 45. Bf3 h6 46. g4 fxg4+
47. Bxg4 Nd5 48. Rf3 Kf6 49. Kg3 h5 50. Bh3 Ne3 51. Bf1 Nxf1+ 52. Rxf1 Rd7 53.
Rf3 Rd4 54. Re3 Rd2 55. h3 Ra2 56. Kf3 a5 57. bxa5 bxa5 58. Rb3 a4 59. Rc3 Ke6
60. Rc6+ Kf5 61. Rc5+ Ke6 62. Rc6+ Kd5 63. Rxg6 Rxa3+ 64. Kg2 h4 65. Rh6 Rg3+
66. Kh2 a3 67. Rxh4 Rg8 68. Rh5+ Kc4 69. Ra5 Kb3 70. h4 a2 71. Kh3 Rg1 72. h5
a1=Q 73. Rxa1 Rxa1 74. Kg4 Kc4 75. h6 Kd5 76. Kf5 Rh1 77. Kg6 Ke6 78. Kg7 Rg1+
79. Kf8 Rh1 80. Kg7 Ke7 81. h7 Rg1+ 82. Kh6 Kf7 83. h8=N+ Kf6 84. Kh7 Rg7+ 85.
Kh6 Rg4 86. Kh7 Rxf4 87. Kg8 Rg4+ 88. Kf8 Rg7 0-1

[Event "96th ch-GER Candidates"]
[Site "Munich GER"]
[Date "2025.05.17"]
[Round "1.12"]
[White "Besou, Hussain"]
[Black "Manucharyan, Andriy"]
[Result "1-0"]
[WhiteTitle "FM"]
[WhiteElo "2351"]
[BlackElo "2141"]
[WhiteFideId "16269950"]
[BlackFideId "16260910"]
[EventDate "2025.05.17"]

1. e4 e6 2. d4 d5 3. Nc3 Nf6 4. e5 Nfd7 5. f4 c5 6. Nf3 Nc6 7. Be3 Be7 8. Ne2
O-O 9. c3 a5 10. Ng3 Qb6 11. Qd2 f6 12. a3 a4 13. Bd3 Na5 14. Qc2 f5 15. O-O Nb3
16. Rae1 Qc7 17. Qf2 Nb6 18. Ne2 Bd7 19. h3 Be8 20. g4 Bg6 21. gxf5 Bxf5 22.
Bxf5 Rxf5 23. Ng3 Rff8 24. dxc5 Bxc5 25. Bxc5 Qxc5 26. Nd4 Nxd4 27. cxd4 Qe7 28.
Kh2 g6 29. Ne2 Nc4 30. Nc3 Qd7 31. Na2 Qb5 32. Nb4 Rf5 33. Qe2 Raf8 34. Kg3 Qb6
35. Rd1 g5 36. fxg5 Rxf1 37. Rxf1 Rxf1 38. Qxf1 Qxd4 39. Qf6 Qxe5+ 40. Qxe5 Nxe5
41. Kf4 Nc4 42. Nd3 b6 43. h4 Kf7 44. h5 Kg7 45. Kg4 e5 46. Kf5 e4 47. Nf4 Kf7
48. g6+ hxg6+ 49. hxg6+ Kg7 50. Nxd5 e3 51. Nf4 Nxb2 52. Kg5 Kg8 53. Kh6 e2 54.
Nxe2 Nc4 55. Nc3 Nd6 56. Nxa4 Nc4 57. Nc3 Ne3 58. Ne4 Ng4+ 59. Kg5 Ne5 60. Nd6
Nd7 61. a4 Kf8 62. Nf5 Ke8 63. Ne3 Kf8 64. Nd5 Kg7 65. Kf5 Kf8 66. Nf4 Nc5 67.
Ne6+ 1-0

[Event "96th ch-GER Candidates"]
[Site "Munich GER"]
[Date "2025.05.17"]
[Round "1.13"]
[White "Sauer, Tim"]
[Black "Zuferi, Enis"]
[Result "1/2-1/2"]
[BlackTitle "FM"]
[WhiteElo "2139"]
[BlackElo "2351"]
[WhiteFideId "16265726"]
[BlackFideId "24692530"]
[EventDate "2025.05.17"]

1. Nf3 Nf6 2. c4 e6 3. b3 d5 4. Bb2 Bd6 5. g3 Nbd7 6. Bg2 c6 7. d4 O-O 8. O-O
Ne4 9. Ne5 f5 10. Nd2 Nxe5 11. dxe5 Bc5 12. Nxe4 fxe4 13. Qc1 Qb6 14. e3 Bd7 15.
Ba3 Rf5 16. Bxc5 Qxc5 17. cxd5 Qxc1 18. Raxc1 cxd5 19. Rc7 Bc6 20. Bh3 Rxe5 21.
f4 exf3 22. Rxf3 Rf8 23. Rxf8+ Kxf8 24. Kf2 Rh5 25. Bxe6 Rxh2+ 26. Kf1 g6 27.
Bc8 Rxa2 28. Bxb7 Bb5+ 29. Kg1 Re2 30. Bxd5 Rxe3 31. Rf7+ Ke8 32. Rxh7 Rxg3+ 33.
Kf2 Rg5 34. Be4 a6 35. Rg7 Rg4 36. Kf3 Be2+ 37. Ke3 Bd1 38. b4 Kf8 39. Ra7 Be2
40. Bxg6 Rxg6 41. Kxe2 1/2-1/2

[Event "96th ch-GER Candidates"]
[Site "Munich GER"]
[Date "2025.05.17"]
[Round "1.14"]
[White "Miller, Eduard"]
[Black "Saglam, Buelent"]
[Result "1/2-1/2"]
[WhiteTitle "FM"]
[WhiteElo "2338"]
[BlackElo "2114"]
[WhiteFideId "24687022"]
[BlackFideId "24694827"]
[EventDate "2025.05.17"]

1. Nf3 Nf6 2. g3 c5 3. Bg2 Nc6 4. c4 d5 5. cxd5 Nxd5 6. Nc3 Nc7 7. d3 e5 8. Nd2
Be6 9. Bxc6+ bxc6 10. Qa4 Qd7 11. Nc4 f6 12. Be3 Nd5 13. Rc1 Rb8 14. b3 Be7 15.
Qa5 O-O 16. Bxc5 Nxc3 17. Bxe7 Nxe2 18. Kxe2 Qxe7 19. Ne3 Rb5 20. Qa4 Qd7 21.
Rc3 Qd4 22. Rxc6 Qxa4 23. bxa4 Rb2+ 24. Kf3 Bc8 25. Nd5 Bb7 26. Rd6 Rb6 27. Rd7
Bc6 28. Rd6 Bb7 29. Rd7 Bc6 30. Rd6 Ba8 31. Rd7 Rf7 32. Rd8+ Rf8 33. Rd7 Ra6 34.
Ke3 Bxd5 35. Rxd5 Rxa4 36. Rc1 g6 37. Rc2 Rf7 38. Rb5 Rd7 39. Rb3 Kf7 40. a3
Rad4 41. Rc4 Rxc4 42. dxc4 Ke6 43. Rb5 f5 44. Ra5 e4 45. Ra6+ Ke5 46. f4+ exf3
47. Ra5+ Kd6 48. Kxf3 Rc7 49. h4 Ke6 50. c5 Ke5 51. Ke3 Re7 52. Kf3 Kd5 53. h5
Rc7 54. h6 Ke5 55. c6+ Kf6 56. Rc5 Ke6 57. Ra5 Kd6 58. Ra6 Kc5 59. a4 Kd5 60.
Kf4 Rf7 61. Kg5 Ke5 62. Ra5+ Kd6 63. c7 Rxc7 64. Kf6 Rb7 65. Ra6+ Kd5 66. a5 Rd7
67. Kg5 Rf7 68. Kf4 Re7 69. Rf6 Re4+ 70. Kf3 Re7 71. Rf8 Ke5 72. Rb8 Kf6 73. a6
Re6 74. Rb7 Rxa6 75. Rxh7 Kg5 76. Rh8 Ra3+ 77. Kf2 a5 78. g4 fxg4 79. Kg2 a4 80.
Kf2 Rf3+ 81. Kg2 Rf4 82. Kh2 Rb4 83. Kg2 Kh5 84. Kh2 g5 85. Kg2 Rb2+ 86. Kg3 a3
87. Rh7 Rb3+ 88. Kg2 g3 89. Rh8 Kg6 90. Kh3 Rc3 91. Kg2 Rd3 92. Kh3 Rb3 93. Kg2
g4 94. h7 Kg7 95. Rg8+ Kxh7 96. Rxg4 Kh6 97. Kh3 Rc3 98. Rg8 Rb3 99. Rg4 Rb5
100. Ra4 Rb3 101. Rg4 Kh5 102. Rg8 Rc3 103. Rg7 Rb3 104. Rg8 Rc3 105. Rg7 Kh6
106. Rg8 Kh7 107. Rg4 Kh6 108. Rg8 Rd3 109. Rg4 Kh5 110. Rg8 Rf3 111. Rg7 Rf1
112. Ra7 Rf3 113. Rg7 Kh6 114. Rg8 Rc3 115. Rg4 Rb3 116. Rg8 Rb2 117. Kxg3 a2
118. Ra8 Kg5 119. Kf3 1/2-1/2

[Event "96th ch-GER Candidates"]
[Site "Munich GER"]
[Date "2025.05.17"]
[Round "1.15"]
[White "Grossmann, Piet"]
[Black "Koepke, Christian"]
[Result "1/2-1/2"]
[BlackTitle "IM"]
[WhiteElo "2063"]
[BlackElo "2328"]
[WhiteFideId "16234359"]
[BlackFideId "4655737"]
[EventDate "2025.05.17"]

1. e4 c5 2. Nf3 d6 3. d4 cxd4 4. Nxd4 Nf6 5. Nc3 Nc6 6. Bc4 Bd7 7. Be3 e6 8. f3
a6 9. Qe2 b5 10. Bb3 Na5 11. g4 Be7 12. g5 Nh5 13. f4 g6 14. O-O-O b4 15. Na4
O-O 16. Kb1 Nxb3 17. axb3 Qc7 18. Qd2 Qb7 19. Ne2 Bxa4 20. bxa4 Qxe4 21. b3 Rfc8
22. Ng3 Nxg3 23. hxg3 e5 24. Rhe1 Rc3 25. Bd4 Qxd4 26. Qxd4 exd4 27. Rxe7 Rac8
28. Rxd4 Rxg3 29. Rxb4 Rg1+ 30. Kb2 Rg2 31. Rc4 Rxc4 32. bxc4 Rf2 33. Rd7 Rxf4
34. Rxd6 Rxc4 35. Rxa6 h5 36. gxh6 Kh7 37. Ra7 Kxh6 38. Rxf7 Rxa4 39. Kc3 g5 40.
Kd3 Kh5 41. Ke3 Rc4 42. Kf3 Rc3+ 43. Kg2 Rxc2+ 44. Kg1 Kh4 45. Ra7 g4 46. Ra3
Rb2 47. Rc3 Re2 48. Ra3 Kg5 49. Ra5+ Kf4 50. Ra4+ Kf3 51. Ra3+ Re3 52. Rxe3+
Kxe3 53. Kg2 Kf4 54. Kf2 g3+ 55. Kg2 Kg4 56. Kg1 Kf3 57. Kf1 g2+ 58. Kg1 Kg3 1/2-1/2

[Event "96th ch-GER Candidates"]
[Site "Munich GER"]
[Date "2025.05.17"]
[Round "1.16"]
[White "Kocharin, Timur"]
[Black "Mueller, Thorsten"]
[Result "1/2-1/2"]
[WhiteTitle "FM"]
[WhiteElo "2324"]
[BlackElo "2034"]
[WhiteFideId "16240936"]
[BlackFideId "4653319"]
[EventDate "2025.05.17"]

1. e4 e6 2. d4 d5 3. Nc3 Nf6 4. e5 Nfd7 5. f4 c5 6. Nf3 Nc6 7. Be3 a6 8. Qd2 b5
9. h4 Qb6 10. h5 Nxd4 11. Nxd4 cxd4 12. Bxd4 Bc5 13. O-O-O Bxd4 14. Qxd4 b4 15.
Ne2 Qa5 16. Kb1 Rb8 17. Rh3 Nc5 18. g4 Bd7 19. f5 Ne4 20. Bg2 Bb5 21. Nc1 Ng5
22. Re3 h6 23. f6 O-O 24. Qd2 Rfc8 25. Nb3 Qd8 26. fxg7 Kxg7 27. Nd4 Bc4 28. b3
Bb5 29. Qxb4 Be2 30. Qxb8 Rxb8 31. Rxe2 Qc7 32. Rd3 Rc8 33. a3 Qb6 34. Kb2 Rc4
35. c3 a5 36. Kc2 Rc8 37. a4 Qc5 38. Kb2 Rb8 39. Rde3 Rb7 40. Rf2 Qc4 41. Ka2
Qc5 42. Rf4 Rc7 43. Kb2 Qb6 44. Kc2 Qc5 45. Kb2 Qb6 46. Kc2 1/2-1/2

[Event "96th ch-GER Candidates"]
[Site "Munich GER"]
[Date "2025.05.18"]
[Round "2.1"]
[White "Garner, Isaac"]
[Black "Kunin, Vitaly"]
[Result "1/2-1/2"]
[BlackTitle "GM"]
[WhiteElo "2399"]
[BlackElo "2497"]
[WhiteFideId "16239261"]
[BlackFideId "4128737"]
[EventDate "2025.05.17"]

1. d4 d5 2. c4 e6 3. Nf3 c5 4. cxd5 exd5 5. g3 Nc6 6. Bg2 Nf6 7. O-O Be7 8. dxc5
Bxc5 9. Nc3 O-O 10. a3 Re8 11. b4 Bf8 12. Bb2 a6 13. e3 Bg4 14. h3 Bf5 15. Qb3
a5 16. b5 a4 17. Qd1 Na5 18. Nxa4 Nc4 19. Bxf6 Qxf6 20. Nd4 Be4 21. Nc3 Bxg2 22.
Kxg2 Qd8 23. Nc2 Qa5 24. Nb4 Rxe3 25. Nbxd5 Re6 26. a4 Rc8 27. Qd4 Ne5 28. Rac1
Rc4 29. Qd1 h6 30. Qb3 Rc8 31. Ne4 Ree8 32. Rfd1 Kh8 33. Ne3 Ra8 34. Rd4 Qb6 35.
Rcd1 Nc6 36. R4d3 Rxe4 37. Nd5 Qa7 38. bxc6 bxc6 39. Nc3 Rb4 40. Qa2 Rb7 41. Qc4
Qc5 42. Qxc5 Bxc5 43. Rd8+ Rxd8 44. Rxd8+ Kh7 45. Rc8 Rb6 46. g4 Ra6 47. h4 Bb4
48. Ne4 Rxa4 49. h5 Ba3 50. Kf3 Rc4 51. Rc7 Kg8 52. Rc8+ Kh7 53. Rc7 Kg8 54.
Rc8+ Bf8 55. Ke3 c5 56. f3 Rd4 57. Ng3 Rd5 58. Nf5 Re5+ 59. Kd3 g6 60. f4 Rd5+
61. Ke4 Rd7 62. hxg6 fxg6 63. Nxh6+ Kg7 64. Kf3 Rd3+ 65. Kg2 Bd6 66. g5 Rc3 67.
Rd8 Bxf4 68. Rd7+ Kh8 69. Rd8+ Kg7 70. Rd7+ Kh8 1/2-1/2

[Event "96th ch-GER Candidates"]
[Site "Munich GER"]
[Date "2025.05.18"]
[Round "2.2"]
[White "Poetsch, Hagen"]
[Black "Kuegel, Tobias"]
[Result "1-0"]
[WhiteTitle "GM"]
[BlackTitle "IM"]
[WhiteElo "2484"]
[BlackElo "2362"]
[WhiteFideId "24615137"]
[BlackFideId "4636295"]
[EventDate "2025.05.17"]

1. Nf3 d5 2. g3 Nf6 3. Bg2 e6 4. O-O Be7 5. d3 O-O 6. c4 b6 7. cxd5 Nxd5 8. Re1
c5 9. d4 cxd4 10. Nxd4 Bb7 11. e4 Nb4 12. Nc3 N8c6 13. Be3 Nxd4 14. Bxd4 Ba6 15.
e5 Nd3 16. Re4 f5 17. exf6 Bxf6 18. Bxf6 Qxf6 19. Qc2 Rad8 20. Rd1 Nc5 21. Rf4
Rxd1+ 22. Qxd1 Qe5 23. Rxf8+ Kxf8 24. Qd2 Ke7 25. b4 Na4 26. Nd1 Qe2 27. Qg5+
Kf7 28. Qf4+ Ke7 29. Qc7+ Kf6 30. Qd8+ Kf7 31. Qd7+ Kf6 32. h3 Bb5 33. Qd8+ Kf7
34. Qc7+ Kf8 35. Qf4+ Ke7 36. Ne3 Qxa2 37. Qg5+ Kf7 38. Qxb5 1-0